[Event "ch-POLJ u20 w"]
[Site "Jarnoltowek POL"]
[Date "2003.04.11"]
[Round "7"]
[White "Szczepkowska,K"]
[Black "Pokojska,D"]
[Result "1/2-1/2"]
[WhiteElo "2137"]
[BlackElo "2127"]

1.e4 c5 2.Nc3 Nc6 3.Bb5 Nd4 4.Bc4 d6 5.d3 g6 6.Be3 Bg7 7.h4 Nf6 8.Qd2 Ng4
9.O-O-O Nxe3 10.fxe3 Nc6 11.h5 e6 12.hxg6 hxg6 13.Nf3 a6 14.Qf2 b5 15.Bb3 Bb7
16.Qg3 Qe7 17.Qg4 Rxh1 18.Rxh1 Qf6 19.Qg5 Ne5 20.Qxf6 Bxf6 21.Nxe5 Bxe5 22.Ne2 c4
23.dxc4 bxc4 24.Bxc4 Bxe4 25.Rg1 Ke7 26.c3 a5 27.a4 Rh8 28.g3 Bc6 29.Kd2 Rb8
30.b3 d5 31.Bb5 Bxb5 32.axb5 Rxb5 33.Kc2 Rb8 34.Ra1 Bc7 35.Nd4 Kd6 36.c4 dxc4
37.bxc4 Kd7 38.g4 Rh8 39.Rf1 Ke7 40.Rb1 Kd7 41.Rf1 Ke7  1/2-1/2

[Event "TCh-CZE 2002-3"]
[Site "Czech Rep CZE"]
[Date "2003.04.12"]
[Round "10"]
[White "Antoniewski,R"]
[Black "Gross,S"]
[Result "1-0"]
[WhiteElo "2491"]
[BlackElo "2351"]

1.e4 c5 2.Nc3 Nc6 3.Bb5 g6 4.Bxc6 bxc6 5.d3 Bg7 6.f4 d6 7.Nf3 Bg4 8.O-O Nf6
9.Qe1 O-O 10.Qh4 Bxf3 11.Rxf3 e6 12.f5 Nd7 13.Bg5 Bf6 14.Rh3 h5 15.Rg3 Kg7
16.Rf1 Rb8 17.Ne2 exf5 18.exf5 Bxg5 19.Rxg5 Kh6 20.f6 Rb4 21.c4 Rxb2 22.Rxh5+ gxh5
23.g4  1-0

[Event "TCh-CZE 2002-3"]
[Site "Czech Rep CZE"]
[Date "2003.04.12"]
[Round "10"]
[White "Zezulkin,J"]
[Black "Mudrak,J"]
[Result "1-0"]
[WhiteElo "2524"]
[BlackElo "2394"]

1.e4 c5 2.Nc3 Nc6 3.Nf3 e5 4.Bc4 Be7 5.d3 d6 6.O-O Bg4 7.h3 Bh5 8.Nd5 Nf6
9.c3 O-O 10.a4 Kh8 11.Ne3 Qd7 12.Bd2 a6 13.g4 Bg6 14.Kh2 Bd8 15.Rg1 Rb8 16.Bd5 Nxd5
17.Nxd5 b5 18.axb5 axb5 19.Qe2 Ne7 20.Ne3 f6 21.Nh4 Bf7 22.Nhf5 d5 23.Ra6 d4
24.Nf1 Qb7 25.Ra1 Be6 26.N1g3 g6 27.cxd4 exd4 28.Bh6 Rg8 29.Nd6 Qd7 30.e5 Nc6
31.Nde4 Nxe5 32.Nxc5 Qc6 33.Nge4 Bc7 34.Bf4 Bd5 35.Bg3 Rbe8 36.Ra6 Bb6 37.f4 f5
38.fxe5 fxe4 39.Nxe4 Rgf8 40.Re1 Qb7 41.Raa1 Bc7 42.Nc5 Qc6 43.b4 Bf3 44.Ra6 Qd5
45.Qa2 Qd8 46.Re6 Bd5 47.Rxe8 Rxe8 48.Qf2 Ba8 49.Rf1 Qd5 50.e6 Bxg3+ 51.Kxg3 Bc6
52.Qf6+ Kg8 53.Qf7+ Kh8 54.Qf6+ Kg8 55.e7 Qd6+ 56.Qxd6  1-0

[Event "Asian Teams w"]
[Site "Jodhpur IND"]
[Date "2003.04.12"]
[Round "6"]
[White "Vo Hong Phuong"]
[Black "Sachdev,T"]
[Result "1-0"]
[WhiteElo "2255"]
[BlackElo "2245"]

1.e4 c5 2.Nc3 Nc6 3.Bb5 Nd4 4.Bc4 e6 5.Nf3 Ne7 6.Nxd4 cxd4 7.Ne2 Nc6 8.d3 Be7
9.O-O O-O 10.Kh1 a6 11.f4 d5 12.Bb3 dxe4 13.dxe4 b5 14.Bd2 Bb7 15.Ng3 Bh4
16.Qg4 Bxg3 17.Qxg3 Na5 18.f5 exf5 19.exf5 Nxb3 20.f6 g6 21.cxb3 Qd5 22.Rf2 Rfe8
23.Qf4 Re6 24.Bb4 Qe4 25.Qd2 Qe3 26.Rd1 Qxd2 27.Rfxd2 Rxf6 28.Rxd4 Rf2 29.Bc3 Rf8
30.Rg4 h5 31.Rg5 Re8 32.Kg1 Rfe2 33.h3 R2e4 34.b4 R4e6 35.Kf1 Be4 36.Rc5 Bc2
37.Rd7 Bb1 38.a3 Ba2 39.Rcc7 Bc4+ 40.Kg1 Rb6 41.a4 Kh7 42.a5 Rbb8 43.Rd6 Ra8
44.Rf6 Re2 45.Rcc6 Bd5 46.Rxa6 Rxa6 47.Rxa6 Rxg2+ 48.Kf1 Rh2 49.Rd6 Bc4+
50.Kg1 Rxh3 51.a6 Bd3 52.Rd4 Be2 53.a7 Bf3 54.Rf4 Bd5 55.Rxf7+ Kh6 56.Bd2+ g5
57.Rf6+ Kh7 58.Rf5 Rh1+ 59.Kf2 Be4 60.Rxg5 Ra1 61.Be3 Bd3 62.Rxh5+ Kg6 63.Rh8 Be4
64.Re8 Kf5 65.Bd4 Bc6 66.Rc8 Bd5 67.Ke3 Re1+ 68.Kd2 Ra1 69.Re8 Bc6 70.Re5+ Kf4
71.Rc5 Ke4 72.Be3 Bd7 73.Rc7 Be6 74.Bb6 Bd5 75.Re7+ Kf5 76.Kc3 Ra6 77.Bc5 Re6
78.Rf7+ Rf6 79.Rd7 Bg2 80.Rd8 Ra6 81.Rf8+ Ke6 82.Rg8 Bc6 83.Rd8 Bf3 84.Kd4 Ra1
85.Ke3 Bg2 86.Rd6+ Kf5 87.Bd4 Ba8 88.Rb6 Re1+ 89.Kd2 Re5 90.Rb8  1-0

[Event "ch-POLJ u20 w"]
[Site "Jarnoltowek POL"]
[Date "2003.04.13"]
[Round "9"]
[White "Toma,K"]
[Black "Kupczyk,E"]
[Result "1/2-1/2"]
[WhiteElo "2189"]
[BlackElo "2129"]

1.e4 c5 2.Nf3 Nc6 3.Nc3 d6 4.d4 cxd4 5.Nxd4 Nf6 6.Bg5 e6 7.Qd2 Be7 8.O-O-O O-O
9.f4 h6 10.Bh4 Nxd4 11.Qxd4 Qa5 12.Bc4 e5 13.fxe5 dxe5 14.Qd3 Bg4 15.Bxf6 Bxf6
16.Rdf1 Bg5+ 17.Kb1 Qc5 18.h3 Be6 19.Nd5 Rac8 20.Bb3 Bxd5 21.Qxd5 Qxd5 22.Bxd5 Rc7
23.h4 Be7 24.Rf5 g6 25.Rf3 h5 26.a4 Kg7 27.g3 b6 28.Rb3 Rfc8 29.c4  1/2-1/2

[Event "ch-POLJ u20"]
[Site "Jarnoltowek POL"]
[Date "2003.04.14"]
[Round "10"]
[White "Gajewski,G"]
[Black "Dziuba,M"]
[Result "1/2-1/2"]
[WhiteElo "2445"]
[BlackElo "2450"]

1.e4 c5 2.Nf3 Nc6 3.Nc3 Nf6 4.Bb5 Qc7 5.O-O Nd4 6.Re1 e5 7.Bf1 d6 8.Nxd4 cxd4
9.Nb5 Qd8 10.c3 a6 11.Na3 dxc3 12.dxc3 h6 13.Nc4 b5 14.Ne3 Be7 15.a4 Rb8
16.axb5 axb5 17.Nd5 O-O 18.Ra7 Nxd5 19.Qxd5 Be6 20.Qc6  1/2-1/2

[Event "ch-POLJ u20 w"]
[Site "Jarnoltowek POL"]
[Date "2003.04.14"]
[Round "10"]
[White "Kupczyk,E"]
[Black "Szczepkowska,K"]
[Result "0-1"]
[WhiteElo "2129"]
[BlackElo "2137"]

1.e4 c5 2.Nf3 Nc6 3.Nc3 e5 4.Bc4 Be7 5.d3 Nf6 6.Nd2 d6 7.Nf1 Be6 8.Ne3 a6
9.a3 Rb8 10.O-O O-O 11.Ncd5 b5 12.Ba2 c4 13.Nxf6+ Bxf6 14.dxc4 b4 15.axb4 Nxb4
16.Bb3 a5 17.Nd5 Nc6 18.Ba4 Nb4 19.b3 Bg5 20.Bxg5 Qxg5 21.Bb5 Bxd5 22.exd5 e4
23.Qe2 Qe5 24.Ra4 f5 25.Qd2 f4 26.Bd7 e3 27.Qe2 Qc3 28.Be6+ Kh8 29.Qe1 Qxc2
30.fxe3 Nd3 31.Qd1 Qc3 32.Ra2 fxe3 33.Re2 Nf4 34.Rc2 Qxb3 35.Bg4 Rbe8 36.Qb1 e2
37.Bxe2 Nxe2+  0-1

[Event "41st Doeberl Cup"]
[Site "Canberra AUS"]
[Date "2003.04.18"]
[Round "1"]
[White "Smerdon,D"]
[Black "Rippis,T"]
[Result "1-0"]
[WhiteElo "2433"]
[BlackElo "2083"]

1.e4 c5 2.Nf3 Nc6 3.Nc3 Nf6 4.Bb5 Qc7 5.O-O Nd4 6.Re1 a6 7.Bc4 d6 8.e5 dxe5
9.Nxe5 e6 10.d3 Bd6 11.Bf4 Nd7 12.Nd5 Qb8 13.Qh5 O-O 14.Nxd7 Bxd7 15.Nb6 Bb5
16.Bg5 Nxc2 17.Bxb5 axb5 18.Re4 f6 19.Rc1 Rxa2 20.Qh3 Qd8 21.Qxe6+ Kh8 22.Qxa2 Nb4
23.Rxb4 cxb4 24.Be3  1-0

[Event "7th Neckar Open"]
[Site "Deizisau GER"]
[Date "2003.04.18"]
[Round "3"]
[White "Brendel,O"]
[Black "Efimenko,Z"]
[Result "1-0"]
[WhiteElo "2378"]
[BlackElo "2599"]

1.e4 c5 2.Nc3 Nc6 3.Nf3 g6 4.d4 cxd4 5.Nxd4 Bg7 6.Be3 Nf6 7.Bc4 Qa5 8.O-O O-O
9.Nb3 Qc7 10.f4 d6 11.Be2 b6 12.Bf3 Bb7 13.Nd5 Nxd5 14.exd5 Nb8 15.Nd4 Na6
16.Qd2 Rae8 17.f5 Bc8 18.fxg6 hxg6 19.Rac1 Nc5 20.Bh6 Bxh6 21.Qxh6 e5 22.Nc6 Bf5
23.b4 Nb7 24.g4 Bd7 25.Be4 Bxc6 26.Rf6 Re6 27.Bxg6 Rb8 28.Qh7+ Kf8 29.Rxf7+  1-0

[Event "Commonwealth Ch"]
[Site "Mumbai IND"]
[Date "2003.04.20"]
[Round "1"]
[White "Sivanandan,B"]
[Black "Aswin,J"]
[Result "1-0"]
[WhiteElo "2396"]
[BlackElo "2121"]

1.e4 c5 2.Nc3 Nc6 3.Nf3 e5 4.Bc4 d6 5.d3 Be7 6.Nd5 Nf6 7.c3 O-O 8.h3 Nxd5
9.Bxd5 Be6 10.O-O Bf6 11.Qb3 Qd7 12.Nh2 g6 13.f4 Bg7 14.Be3 exf4 15.Bxf4 Ne5
16.Rad1 Rac8 17.Bxe5 dxe5 18.Nf3 Bxd5 19.exd5 Rcd8 20.c4 h6 21.Rde1 Rde8
22.Re2 Re7 23.Qa3 b6 24.b4 cxb4 25.Qxb4 Rfe8 26.Rfe1 f5 27.Nd4 a5 28.Qa3 Rf7
29.Nc6 e4 30.dxe4 Ref8 31.Qg3  1-0

[Event "I Regina Prol"]
[Site "Santos BRA"]
[Date "2003.04.22"]
[Round "1"]
[White "Van Riemsdijk,H"]
[Black "Stamenkovic,Dr"]
[Result "1-0"]
[WhiteElo "2393"]
[BlackElo "2309"]

1.e4 c5 2.Nf3 Nc6 3.Nc3 g6 4.d4 cxd4 5.Nxd4 Bg7 6.Be3 Nf6 7.Bc4 Qa5 8.O-O d6
9.h3 O-O 10.Bb3 Bd7 11.f4 Nxd4 12.Bxd4 Bc6 13.Nd5 Bxd5 14.exd5 b5 15.Qe2 Rfe8
16.a4 b4 17.Rfd1 Nh5 18.Bxg7 Kxg7 19.Qf2 Qc5 20.Rd4 a5 21.g4 Nf6 22.Rad1 Rec8
23.Kg2 Qa7 24.Qe1 Rc5 25.R1d2 Rac8 26.R4d3 Qb7 27.Kh2 Re8 28.Qe3 Nd7 29.Qd4+ Kg8
30.Re2 Nb6 31.h4 Qd7 32.Rg3 Nxa4 33.h5 Nb6 34.hxg6 hxg6 35.Rh3 f6 36.Kg3 Kg7
37.Reh2 Rg8 38.Qe4 a4 39.g5 Qg4+ 40.Kf2  1-0

[Event "5th Open"]
[Site "Dubai UAE"]
[Date "2003.04.23"]
[Round "4"]
[White "Ulibin,M"]
[Black "Gagunashvili,M"]
[Result "1/2-1/2"]
[WhiteElo "2562"]
[BlackElo "2580"]

1.e4 c5 2.Nf3 Nc6 3.Nc3 Nf6 4.Bb5 Qc7 5.O-O Nd4 6.Nxd4 cxd4 7.Nd5 Nxd5 8.exd5 Qc5
9.c4 a6 10.b4 Qxb4 11.Ba4 g6 12.d3 b5 13.Bb3 Bg7 14.Bd2 Qd6 15.Qe1 bxc4 16.Bb4 Qe5
17.dxc4 a5 18.Bxa5 Qxe1 19.Bxe1 d6 20.Bb4 Rb8 21.Ba3 O-O 22.Rfe1 Bf6 23.c5 Ra8
24.Bb4 Rb8 25.Ba3 Ra8 26.Bb4  1/2-1/2

[Event "Commonwealth Ch"]
[Site "Mumbai IND"]
[Date "2003.04.23"]
[Round "5"]
[White "Sivanandan,B"]
[Black "Sai,S"]
[Result "1/2-1/2"]
[WhiteElo "2396"]
[BlackElo "2223"]

1.e4 c5 2.Nc3 Nc6 3.Nf3 d6 4.d4 cxd4 5.Nxd4 Nf6 6.Bg5 Bd7 7.Bxf6 gxf6 8.Nf5 Qa5
9.Qh5 e6 10.Ng3 Qxh5 11.Nxh5 Be7 12.O-O-O a6 13.f4 Rg8 14.Rg1 O-O-O 15.g4 Kb8
16.h3 Rc8 17.Be2 b5 18.a3 Rc7 19.Rgf1 Rcc8 20.Kb1 Kb7 21.f5 Rcf8 22.e5 Nxe5
23.Ne4 Bc6 24.Nhxf6 Bxe4 25.Nxe4 d5 26.Nc3 Rc8 27.Bd3 h6 28.Rde1 Nxd3 29.cxd3 Bh4
30.Re2 Rc6 31.fxe6 fxe6 32.Rf7+ Kb6 33.Re5 Rg5 34.Re2 Rg6 35.Rh7 Rf6 36.Ka2 Rg6
37.Nb1 Bf6 38.Nd2 Bg7 39.Nf3 Rc7 40.h4 e5 41.h5 Rxg4 42.Nxe5 Rg5 43.Ng6 Rxh5
44.Nf4 Rg5 45.Ne6 Re7 46.Nxg5 Rxe2 47.Rxg7 hxg5 48.Rxg5 Kc5 49.Kb3 Kd4 50.Kb4 Rxb2+
51.Ka5 Kc5 52.Rg1 Ra2 53.Rc1+ Kd4  1/2-1/2

[Event "Commonwealth Ch"]
[Site "Mumbai IND"]
[Date "2003.04.23"]
[Round "6"]
[White "Sengupta,D"]
[Black "Ramesh,R"]
[Result "1/2-1/2"]
[WhiteElo "2325"]
[BlackElo "2444"]

1.e4 c5 2.Nf3 Nc6 3.Nc3 d6 4.d4 cxd4 5.Nxd4 Nf6 6.f3 e6 7.Be3 a6 8.Qd2 Be7
9.O-O-O Qc7 10.g4 Nd7 11.Kb1 O-O 12.h4 Nde5 13.Qf2 b5 14.g5 Bd7 15.Bc1 Nxd4
16.Rxd4 Rfc8 17.f4 Nc6 18.Rd1 b4 19.Ne2 Na7 20.Nd4 e5 21.Nf5 Bf8 22.fxe5 Be6
23.Nd4 Bg4 24.Bh3 Bxd1 25.Bxc8 Rxc8 26.Rxd1 dxe5 27.Nf5 g6 28.Nh6+ Bxh6 29.gxh6 Nb5
30.Be3 Nd6 31.Qg2 a5 32.Rd5 a4 33.Bc5 Ne8 34.Bxb4 Qc4 35.Qd2 Qxe4 36.a3 Rxc2
37.Qxc2 Qxd5 38.Qxa4 Qe4+ 39.Ka1 Qh1+ 40.Ka2 Qd5+ 41.Qb3  1/2-1/2

[Event "Commonwealth Ch"]
[Site "Mumbai IND"]
[Date "2003.04.23"]
[Round "6"]
[White "Nguyen Anh Dung"]
[Black "Kotronias,V"]
[Result "1/2-1/2"]
[WhiteElo "2530"]
[BlackElo "2597"]

1.e4 c5 2.Nf3 Nc6 3.Nc3 d6 4.d4 cxd4 5.Nxd4 Nf6 6.Bg5 e6 7.Qd2 Be7 8.O-O-O O-O
9.f4 Nxd4 10.Qxd4 Qa5 11.Bc4 Bd7 12.Nb1  1/2-1/2

[Event "Commonwealth Ch"]
[Site "Mumbai IND"]
[Date "2003.04.24"]
[Round "7"]
[White "Wang Yu"]
[Black "Ghaem Maghami,E"]
[Result "1/2-1/2"]
[WhiteElo "2359"]
[BlackElo "2528"]

1.e4 c5 2.Nc3 Nc6 3.Bb5 Nd4 4.Bc4 Nf6 5.d3 e6 6.e5 d5 7.exd6 a6 8.a4 Bxd6
9.Nf3 O-O 10.Bg5 h6 11.Bh4 Nf5 12.Bxf6 Qxf6 13.Ne4 Qe7 14.Nxd6 Qxd6 15.O-O b6
16.Re1 Bb7 17.Ne5 Bd5 18.Bxd5 exd5 19.Nf3 Rfe8 20.Qd2 a5 21.h3 f6 22.b3 d4
23.Re2 Rxe2 24.Qxe2 Qd7 25.Re1 Kf7  1/2-1/2

[Event "5th Open"]
[Site "Dubai UAE"]
[Date "2003.04.25"]
[Round "6"]
[White "Mamedov,Rau"]
[Black "Magerramov,E"]
[Result "1/2-1/2"]
[WhiteElo "2330"]
[BlackElo "2558"]

1.e4 c5 2.Nf3 Nc6 3.Nc3 g6 4.d4 cxd4 5.Nxd4 Bg7 6.Be3 Nf6 7.Bc4 O-O 8.Bb3 d6
9.f3 Bd7 10.Qd2 Nxd4 11.Bxd4 b5 12.a4 bxa4 13.Nxa4 Be6 14.Bxe6 fxe6 15.O-O Nd7
16.Bxg7 Kxg7 17.Kh1 Qb8 18.b3 Qc7 19.Nb2 Rfc8 20.Nc4 Nb6 21.Ne3 Qc3  1/2-1/2

[Event "Commonwealth Ch"]
[Site "Mumbai IND"]
[Date "2003.04.25"]
[Round "8"]
[White "Zhang Pengxiang"]
[Black "Nguyen Anh Dung"]
[Result "0-1"]
[WhiteElo "2557"]
[BlackElo "2530"]

1.e4 c5 2.Nc3 Nc6 3.Bb5 e6 4.Bxc6 bxc6 5.d3 d5 6.f4 Nf6 7.Nf3 Be7 8.O-O O-O
9.Qe1 c4 10.dxc4 Ba6 11.Ne5 Nd7 12.Qg3 Nxe5 13.fxe5 Kh8 14.b3 dxc4 15.Rd1 Qc7
16.Bg5 f6 17.Bf4 f5 18.h4 Rf7 19.exf5 Rxf5 20.Ne4 Raf8 21.Bg5 h6 22.Bxe7 Qxe7
23.b4 c3 24.Nc5 Bc8 25.Rd4 a5 26.a3 g5 27.Re1 axb4 28.axb4 Rg8 29.Rg4 Bd7
30.hxg5 h5 31.Qh3 Be8 32.Re3 Qa7 33.Kh2 Qa1 34.g6 Bxg6 35.Qh4 Rf1 36.Kg3 Qc1
37.Re2 Qd1  0-1

[Event "Commonwealth Ch"]
[Site "Mumbai IND"]
[Date "2003.04.26"]
[Round "9"]
[White "Sengupta,D"]
[Black "Hossain,Enam"]
[Result "0-1"]
[WhiteElo "2325"]
[BlackElo "2473"]

1.e4 c5 2.Nf3 Nc6 3.Nc3 g6 4.Bc4 Bg7 5.d3 e6 6.Be3 Nd4 7.Bxd4 cxd4 8.Ne2 Qb6
9.c3 dxc3 10.bxc3 Ne7 11.d4 O-O 12.Bd3 Qc7 13.O-O b6 14.Nd2 Bb7 15.f4 f5
16.e5 Nd5 17.Qb3 Rac8 18.Rac1 Bh6 19.Nc4 Qc6 20.Rf2 Bxf4 21.Re1 Bh6 22.Rf3 Ba6
23.Nd6 Bxd3 24.Rxd3 Rb8 25.c4 Nf6 26.Nb5 a6 27.exf6 axb5 28.cxb5 Qd6 29.Rc3 Bg5
30.Qc2 Bxf6 31.Rc4 Bg7 32.Rd1 Rbe8 33.Ng3 Qd5 34.a4 f4 35.Ne4 f3 36.g3 Bh6
37.Rc3 e5 38.Nf2 exd4 39.Ng4 f2+ 40.Nxf2 Be3 41.Rxe3 Rxe3 42.Ng4 Ra3 43.Qe2 Ra2
44.Rd2 d3 45.Qe1 Qd4+ 46.Kh1 Rxd2 47.Nh6+ Kh8 48.Qxd2 Qa1+ 49.Qd1  0-1

[Event "3rd OUCC Open"]
[Site "Oxford ENG"]
[Date "2003.04.26"]
[Round "3"]
[White "Gwaze,R"]
[Black "Wells,P"]
[Result "1-0"]
[WhiteElo "2335"]
[BlackElo "2487"]

1.e4 c5 2.Nf3 Nc6 3.Nc3 d6 4.d4 cxd4 5.Nxd4 Nf6 6.Bc4 e6 7.Be3 a6 8.Qe2 Be7
9.O-O-O Qc7 10.Bb3 Na5 11.g4 b5 12.g5 Nxb3+ 13.axb3 Nd7 14.Kb1 b4 15.Na4 Nc5
16.Bd2 Bd7 17.h4 Bxa4 18.bxa4 Nxa4 19.Rh3 O-O 20.Bxb4 Rfb8 21.Rb3 Nc5 22.Bxc5 dxc5
23.Rxb8+ Rxb8 24.Nf3 a5 25.c4 a4 26.Rd3 g6 27.e5 Rb4 28.Rc3 Qb8 29.Qc2 Bd8
30.Ka2 Bc7 31.Re3 Kg7 32.Kb1 Qb7 33.Ka2 Qa8 34.Qe4 Qa6 35.Rc3 Qb6 36.Qc2 Qb8
37.Re3 Qa8 38.Qe4 Qa6 39.Nd2 Ba5 40.Qc2 Bd8 41.f4 Be7 42.h5 gxh5 43.Rh3  1-0

[Event "City-ch"]
[Site "St Petersburg RUS"]
[Date "2003.04.26"]
[Round "11"]
[White "Shaposhnikov,E"]
[Black "Lugovoi,A"]
[Result "1/2-1/2"]
[WhiteElo "2564"]
[BlackElo "2563"]

1.e4 c5 2.Nc3 Nc6 3.Nge2 d6 4.d4 cxd4 5.Nxd4 Nf6 6.Be3 e6 7.Be2 Be7 8.f4 O-O
9.Qd2 a6 10.O-O-O Qc7 11.g4 Nxd4 12.Bxd4 b5 13.g5 Nd7 14.a3 Bb7 15.f5 Ne5
16.f6 Bd8 17.h4 Re8 18.fxg7 Nc6 19.Bf6 b4 20.axb4 Nxb4 21.Kb1 Rc8 22.Qxd6 Qa5
23.Rd4 Nc6 24.Ra4 Qb6 25.Bh5 Bxf6 26.gxf6 Red8 27.Bxf7+ Kxf7 28.g8=Q+ Rxg8
29.Qd7+ Kf8 30.Qd6+ Kf7 31.Qd7+ Kf8 32.Qxh7 Rc7 33.Qh6+ Kf7 34.Qh5+ Kf8 35.Qh6+ Kf7
36.e5 Nxe5 37.Rf1 Ke8 38.Ne4 Nf7 39.Qh5  1/2-1/2

[Event "XXI Open"]
[Site "Metz FRA"]
[Date "2003.04.27"]
[Round "9"]
[White "Baklan,V"]
[Black "Sprenger,J"]
[Result "1/2-1/2"]
[WhiteElo "2607"]
[BlackElo "2431"]

1.e4 c5 2.Nf3 Nc6 3.Nc3 Nf6 4.Bb5 Qc7 5.O-O e6 6.Bxc6 Qxc6 7.Re1 d6 8.d4 Be7
9.e5 dxe5 10.dxe5 Nd5 11.Ne4 b5 12.a4 b4 13.Nfg5 h6 14.Qh5 O-O 15.Nf3 f5
16.Nd6 Bxd6 17.exd6 Qxd6 18.Bxh6 gxh6 19.Qg6+ Kh8 20.Qxh6+ Kg8 21.Qg6+ Kh8
22.Ng5 Qe7 23.Qh6+ Kg8 24.Nxe6 Bxe6 25.Rxe6 Rf6 26.Rxe7 Rxh6 27.Re5 Rd8 28.Rxf5 c4
29.h3 Rf6 30.Rg5+ Kf7 31.Rd1 Ke6 32.Re1+ Kf7 33.Rd1 Ke6 34.Re1+  1/2-1/2

[Event "Commonwealth Ch"]
[Site "Mumbai IND"]
[Date "2003.04.27"]
[Round "10"]
[White "Reefat,S"]
[Black "Sherbakov,R"]
[Result "1/2-1/2"]
[WhiteElo "2456"]
[BlackElo "2557"]

1.e4 c5 2.Nc3 Nc6 3.Bb5 g6 4.Bxc6 bxc6 5.d3 Bg7 6.Nge2 d6 7.O-O Nh6 8.h3 f5
9.Be3 e5 10.f4 fxe4 11.dxe4 exf4 12.Bxf4 Nf7 13.Qd2 O-O 14.Rad1 Ba6 15.Rf2 Qe8
16.Ng3 Rd8 17.b3 Ne5 18.Na4 Rd7 19.c4 Rdf7 20.Rdf1 Qe6 21.Ne2 h5 22.Nac3 Kh7
23.Nd1 Bc8 24.Be3 Rxf2 25.Rxf2 Rxf2 26.Nxf2 Nf7 27.Nf4 Qf6 28.N4d3 g5 29.e5 Nxe5
30.Bxg5 Qg6 31.Nxe5 Bxe5 32.Bf4 Bd4 33.Be3 Bg7 34.Bf4 Bd4 35.Be3 Bg7 36.Bf4 Bf8
37.Qe3 Bf5 38.Qf3 Bd7 39.Ne4 Be7 40.Qe3 Bf5 41.Ng5+  1/2-1/2

[Event "Vedior Trophy"]
[Site "Milan ITA"]
[Date "2003.04.28"]
[Round "3"]
[White "Dragojlovic,A"]
[Black "Sanchez,Joseph"]
[Result "1/2-1/2"]
[WhiteElo "2335"]
[BlackElo "2342"]

1.e4 c5 2.Nf3 Nc6 3.Nc3 Nf6 4.Bb5 Qc7 5.O-O e6 6.Bxc6 bxc6 7.e5 Nd5 8.d4 Ba6
9.Re1 Be7 10.dxc5 Nxc3 11.bxc3 Bxc5 12.Ng5 h6 13.Qh5 g6 14.Qh3 Rb8 15.a4 Be7
16.Bf4 Rb2 17.Ne4 Qb8 18.Qf3 Kf8 19.Nd6 f5 20.Qd1 Kg7 21.Bc1 g5 22.Bxb2 Qxb2
23.Qd4 Ra8 24.Rec1 Be2 25.Qb4 Qxb4 26.cxb4 Rb8 27.b5 Bxd6 28.exd6 cxb5 29.axb5 Bxb5
30.c4 Bc6 31.Rxa7 Kf6 32.h4 gxh4 33.Kh2 Rb2 34.Rc7 Rd2 35.c5 e5 36.Rc8 Ke6
37.Kg1 Rd4 38.Re8+ Kf6 39.Rf8+ Ke6 40.Re8+ Kf6 41.Rf8+  1/2-1/2

[Event "I Regina Prol"]
[Site "Santos BRA"]
[Date "2003.04.29"]
[Round "10"]
[White "Van Riemsdijk,H"]
[Black "Crosa,M"]
[Result "1-0"]
[WhiteElo "2393"]
[BlackElo "2425"]

1.e4 c5 2.Nf3 Nc6 3.Nc3 e5 4.Bc4 Be7 5.d3 Nf6 6.Nd2 d6 7.Nf1 O-O 8.Bg5 Be6
9.Bxf6 Bxf6 10.Ne3 Bg5 11.Ned5 g6 12.O-O Kh8 13.Ne2 Qd7 14.f4 exf4 15.Nexf4 Rae8
16.Bb3 Qd8 17.c3 Bh6 18.Qf3 Bg7 19.Ne3 Qg5 20.Bd5 Bxd5 21.Nexd5 b5 22.Rae1 Rb8
23.Rf2 b4 24.Ref1 bxc3 25.bxc3 Qd8 26.Qg3 Ne5 27.Nh3 Rb7 28.Nf6 h6 29.Nd5 Qb8
30.Nhf4 Rb1 31.h3 Rxf1+ 32.Rxf1 Qb2 33.a4 Qc2 34.a5 Qa4 35.Ne2 Qxa5 36.d4 cxd4
37.cxd4 Qd2 38.dxe5 Qxe2 39.Re1 Qh5 40.exd6 Bd4+ 41.Kh1 Be5 42.Qf2 Qg5 43.d7 a5
44.Rf1 a4 45.Nb6 h5 46.Nc4 Bg7 47.Nd6 Qe7 48.Nxf7+ Kh7 49.d8=Q Rxd8 50.Nxd8 Qxd8
51.Qe3 Qa5 52.Rf7 Qe5 53.Ra7 Qa1+ 54.Qg1 Qa3 55.e5 Kh6 56.e6 Bf8 57.Qe1 Bb4
58.Qd1 Qb3 59.Qxb3  1-0

[Event "Rhone Open"]
[Site "Lyon FRA"]
[Date "2003.04.30"]
[Round "5"]
[White "Petrosian,S"]
[Black "Schweitzer,O"]
[Result "1-0"]
[WhiteElo "2424"]
[BlackElo "2067"]

1.e4 c5 2.Nc3 Nc6 3.Nf3 Nf6 4.d4 cxd4 5.Nxd4 e5 6.Ndb5 d6 7.Nd5 Nxd5 8.exd5 Nb8
9.c4 Be7 10.Bd3 a6 11.Nc3 O-O 12.O-O f5 13.b4 a5 14.bxa5 Nd7 15.a6 b6 16.a4 e4
17.Be2 Bxa6 18.Rb1 Bg5 19.Ba3 Bf4 20.Qb3 Rf6 21.g3 Be5 22.Rfc1 Rh6 23.Rc2 e3
24.f4 Bxf4 25.gxf4 Qh4 26.Bd3 Qxf4 27.Rf1 Qd4 28.Ne2 Qh4 29.Nf4 Ne5 30.Rg2 Ng4
31.Qc3  1-0

[Event "St Petersburg vs. Moscow"]
[Site "St Petersburg RUS"]
[Date "2003.05.03"]
[Round "1"]
[White "Kashtanov,R"]
[Black "Dobrov,V"]
[Result "0-1"]
[WhiteElo "2369"]
[BlackElo "2443"]

1.e4 c5 2.Nf3 Nc6 3.Nc3 d6 4.d4 cxd4 5.Nxd4 Nf6 6.f3 Qb6 7.Nb3 e6 8.Qe2 a6
9.g4 Be7 10.g5 Nd7 11.Be3 Qc7 12.O-O-O b5 13.f4 Bb7 14.f5 b4 15.Na4 Nce5
16.fxe6 fxe6 17.Nd4 Qa5 18.b3 Rc8 19.Bg2 Nc4 20.bxc4 Qxa4 21.Nxe6 Qxa2 22.Nxg7+ Kf7
23.Qh5+ Kxg7 24.Bd4+ Ne5 25.Qh6+ Kf7 26.Bxe5 b3 27.Rhf1+ Ke8 28.Qh5+ Kd8
29.Bb2 bxc2 30.Rxd6+ Bxd6 31.Qh6 Qb1+ 32.Kd2 Bb4+ 33.Bc3 Bxc3+ 34.Kxc3 c1=Q+  0-1

[Event "Riviera IM"]
[Site "Opatija CRO"]
[Date "2003.05.06"]
[Round "8"]
[White "Biti,O"]
[Black "Muslija,I"]
[Result "1-0"]
[WhiteElo "2356"]
[BlackElo "2237"]

1.e4 c5 2.Nc3 Nc6 3.Bb5 Nd4 4.Bc4 d6 5.Nge2 Nf6 6.d3 e6 7.Nxd4 cxd4 8.Ne2 Qb6
9.O-O Be7 10.c3 dxc3 11.Nxc3 Bd7 12.d4 O-O 13.e5 Ne8 14.Qg4 Bc6 15.a3 Rd8
16.Be3 Qc7 17.Rfe1 Rc8 18.Rac1 dxe5 19.dxe5 Qxe5 20.Bxa7 Qc7 21.Bd4 Nf6 22.Qg3 Qxg3
23.hxg3 Rfd8 24.Bb6 Rd2 25.Re2 Rxe2 26.Bxe2 Nd7 27.Bd4 Nc5 28.Rd1 Kf8 29.Be5 f6
30.Bd6 Bxd6 31.Rxd6 Ke7 32.Rd1 e5 33.Bg4 Ra8 34.Nd5+ Kf7 35.Nc7 Ra4 36.b4 Na6
37.b5 Bxb5 38.Bh5+ g6 39.Nxb5 gxh5 40.Rd7+ Kg6 41.Rxb7 Ra5 42.Kf1 Nc5 43.Rb8 Nb3
44.Nd6 Nd2+ 45.Ke2 f5 46.Rb6  1-0

[Event "National I"]
[Site "Clermont-Ferrand FRA"]
[Date "2003.05.08"]
[Round "8"]
[White "Cornette,M"]
[Black "Bellaiche,A"]
[Result "1-0"]
[WhiteElo "2325"]
[BlackElo "2424"]

1.e4 c5 2.Nc3 Nc6 3.Bb5 Nd4 4.Bc4 e6 5.Nf3 a6 6.Nxd4 cxd4 7.Ne2 b5 8.Bb3 Qb6
9.O-O Ne7 10.d3 Bb7 11.Qe1 h6 12.Bd2 a5 13.a4 b4 14.Bc4 Rc8 15.c3 Nc6 16.Kh1 bxc3
17.bxc3 dxc3 18.Bxc3 Bb4 19.Rb1 O-O 20.f4 Qc5 21.Qg3 f6 22.f5 d5 23.Ba2 e5
24.Bxd5+ Kh8 25.d4 exd4 26.Bxb4 axb4 27.Nf4 Rfe8 28.Rfc1 Qa7 29.Bf7 Rf8 30.Ng6+ Kh7
31.Nxf8+ Rxf8 32.Bd5 Rc8 33.Qd6 Qxa4 34.Ra1 Ne5 35.Bxb7 b3 36.Bxc8 b2 37.Rab1 bxc1=Q+
38.Rxc1 d3 39.Be6  1-0

[Event "National I"]
[Site "Clermont-Ferrand FRA"]
[Date "2003.05.09"]
[Round "9"]
[White "Sarthou,G"]
[Black "Nataf,IA"]
[Result "1/2-1/2"]
[WhiteElo "2375"]
[BlackElo "2559"]

1.e4 c5 2.Nc3 Nc6 3.Nf3 Nf6 4.d4 cxd4 5.Nxd4 e5 6.Ndb5 d6 7.Nd5 Nxd5 8.exd5 Nb8
9.c4 Be7 10.Be2 a6 11.Nc3 O-O 12.O-O f5 13.Kh1 Nd7 14.f4 Bf6 15.Qc2 exf4
16.Bxf4 Be5 17.Bxe5 Nxe5 18.b4 Bd7 19.c5 Qh4 20.b5 dxc5 21.Na4 Bxb5 22.Bxb5 axb5
23.Nxc5 Ng4 24.g3 Qh6 25.Qe2 Rfe8 26.Ne6 Ne3 27.Rfe1 Nxd5 28.Qxb5 Nf6 29.Qxf5 Qd2
30.Rf1 Ra5 31.Nc5 Qd6 32.Nxb7 Qc6+ 33.Qf3 Rd5 34.Na5 Qc2 35.Rf2 Qa4 36.Nb3 Rde5
37.Raf1 h6 38.Qg2 Ng4 39.Rf4 Qd7 40.Qf3 Ne3 41.Rf7 Qd5 42.Rf2 Ng4 43.Rf1 Qxf3+
44.R7xf3 Re2 45.Nc1 Rxh2+ 46.Kg1 Rc8 47.Nd3 Rxa2 48.Rf4 Rcc2 49.Ne1 Ne3 50.Rf8+ Kh7
51.Nxc2 Nxf1 52.Nb4 Ra4 53.Rxf1 Rxb4 54.Rf2 Kg6 55.Kg2 Kg5 56.Ra2 Kg4 57.Rc2 g5
58.Ra2 h5 59.Rc2 Re4 60.Ra2 Kf5 61.Rb2 Re5 62.Kf3 Rd5 63.Re2 Rc5 64.g4+ hxg4+
65.Kg2 Rc3 66.Ra2 Kg6 67.Ra8 g3 68.Ra4 Kh5 69.Rb4 Ra3 70.Rc4 Kg6 71.Rg4 Kf5
72.Rxg3 Ra2+ 73.Kg1 Kf4 74.Rb3 g4 75.Rc3 Kg5 76.Rb3 Kh4 77.Rc3 g3 78.Rc8 Kh3
79.Rh8+ Kg4 80.Rg8+ Kh3 81.Rh8+ Kg4 82.Rg8+ Kh3  1/2-1/2

[Event "National I"]
[Site "Clermont-Ferrand FRA"]
[Date "2003.05.09"]
[Round "9"]
[White "Riff,JN"]
[Black "Degraeve,JM"]
[Result "0-1"]
[WhiteElo "2263"]
[BlackElo "2550"]

1.e4 c5 2.Nf3 Nc6 3.Nc3 Nf6 4.d4 cxd4 5.Nxd4 e5 6.Ndb5 d6 7.Bg5 a6 8.Na3 b5
9.Nd5 Be7 10.Bxf6 Bxf6 11.c3 Bg5 12.Nc2 Rb8 13.Be2 O-O 14.O-O a5 15.Kh1 b4
16.Qd3 Be6 17.Rfd1 bxc3 18.bxc3 Rb2 19.Rdb1 Rxb1+ 20.Rxb1 Ne7 21.Nce3 Bxe3
22.Nxe3 Qc7 23.Rd1 Rd8 24.Nc4 d5 25.Ne3 d4 26.cxd4 exd4 27.Nd5 Bxd5 28.Qxd4 Nc6
29.Qa4 Be6 30.Rxd8+ Qxd8 31.Qxc6 Bxa2 32.h3 Bb3 33.Bb5 h6 34.f4 Kh7 35.Qc3 a4
36.Bd3 Qa8 37.f5 a3 38.e5 a2 39.f6+ Kg8 40.Qa1 Qd5  0-1

[Event "National I"]
[Site "Clermont-Ferrand FRA"]
[Date "2003.05.11"]
[Round "11"]
[White "Delchev,A"]
[Black "Tregubov,P"]
[Result "1/2-1/2"]
[WhiteElo "2577"]
[BlackElo "2632"]

1.e4 c5 2.Nf3 Nc6 3.Nc3 g6 4.d4 cxd4 5.Nxd4 Bg7 6.Be3 Nf6 7.Bc4 O-O 8.Bb3 e6
9.O-O d5 10.exd5 exd5 11.Re1 Ng4 12.Nxd5 Nxe3 13.fxe3 Nxd4 14.exd4 Be6 15.Qf3 a5
16.a4 Bxd4+ 17.Kh1 Qg5 18.Nc7 Bxb3 19.Qxb3 Rad8 20.Qxb7 Bf2 21.Rf1 Rd2 22.Qf3  1/2-1/2